Guess the country by world record - Statistics

General Stats
  • This quiz has been taken 10 times
  • The average score is 8 of 22
Answer Stats
Hint Answer % Correct
Most tourism France
100%
Most lakes Canada
70%
Highest IQ Japan
70%
The biggest Russia
70%
The smallest Vatican
70%
The newest country South Sudan
60%
The richest Luxembourg
50%
Most neighboring countries China
40%
Oldest flag Denmark
40%
Won most Eurovision Ireland
40%
Lowest crime rate Iceland
30%
Highest fertility rate Niger
30%
Most mountains Bhutan
20%
The oldest country Iran
20%
Has the most oil Venezuela
20%
Most official languages Bolivia
10%
Best recycling Germany
10%
Best country for women Norway
10%
The most lakes Sweden
10%
Has the most gold Usa
10%
Most pets Brazil
0%
Drinks the most coffee Finland
0%
No matching quizzes found
Score Distribution
Percent of People with Each Score
Percentile by Number Answered
Your Score History
You have not taken this quiz